000 00264nam a2200097 a 4500
005 20200930074031.0
008 111024s2004 000 spa d
245 3 _aEl cerebro y la mente : una realidad y un enigma.
260 _a[London],
_c[19--?].
999 _c34481
_d34481
040 _aDO-SdBNP